आइने के सामने : (Record no. 112186)
[ view plain ]
| 000 -LEADER | |
|---|---|
| fixed length control field | 01038nam a22002537a 4500 |
| 005 - DATE AND TIME OF LATEST TRANSACTION | |
| control field | 20170124102935.0 |
| 010 ## - LIBRARY OF CONGRESS CONTROL NUMBER | |
| LC control number | B-143781 |
| 020 ## - INTERNATIONAL STANDARD BOOK NUMBER | |
| Terms of availability | 195.00 |
| International Standard Book Number | 812670831 |
| 035 ## - SYSTEM CONTROL NUMBER | |
| System control number | B-143781 |
| 037 ## - SOURCE OF ACQUISITION | |
| Source of stock number/acquisition | Cen Lib/Ret |
| 040 ## - CATALOGING SOURCE | |
| Original cataloging agency | DPL |
| Language of cataloging | HN |
| 082 ## - DEWEY DECIMAL CLASSIFICATION NUMBER | |
| Classification number | 921 |
| Item number | अतिया |
| 100 ## - MAIN ENTRY--PERSONAL NAME | |
| Personal name | अतिया दाऊद |
| 9 (RLIN) | 2125 |
| 245 ## - TITLE STATEMENT | |
| Title | आइने के सामने : |
| Statement of responsibility, etc | अतिया दावूद |
| Remainder of title | आत्मकथा / |
| 246 ## - VARYING FORM OF TITLE | |
| Title proper/short title | Aine ke samne : Autobiography |
| Remainder of title | by Atiya Dawood |
| 260 ## - PUBLICATION, DISTRIBUTION, ETC. (IMPRINT) | |
| Place of publication, distribution, etc | नई दिल्ली |
| Name of publisher, distributor, etc | राजकमल प्रकाशन |
| Date of publication, distribution, etc | 2004 |
| 270 ## - ADDRESS | |
| Address | 1-बी, नेताजी सुभाष मार्ग |
| City | नई दिल्ली |
| Postal code | 110002 |
| 300 ## - PHYSICAL DESCRIPTION | |
| Extent | 198पृ. |
| Dimensions | 21सेमी (सजिल्द) |
| 650 ## - SUBJECT ADDED ENTRY--TOPICAL TERM | |
| Topical term or geographic name as entry element | आत्मकथा |
| 9 (RLIN) | 47449 |
| 650 ## - SUBJECT ADDED ENTRY--TOPICAL TERM | |
| Topical term or geographic name as entry element | आत्मकथा--दाऊद, अतिया |
| 9 (RLIN) | 47450 |
| 650 ## - SUBJECT ADDED ENTRY--TOPICAL TERM | |
| Topical term or geographic name as entry element | Autobiography |
| 9 (RLIN) | 28861 |
| 650 ## - SUBJECT ADDED ENTRY--TOPICAL TERM | |
| Topical term or geographic name as entry element | Autobiography--Dawood, Atiya |
| 9 (RLIN) | 46251 |
| 942 ## - ADDED ENTRY ELEMENTS (KOHA) | |
| Source of classification or shelving scheme | Dewey Decimal Classification |
| Koha item type | Hindi Books |
| Classification part | 921 |
| Call number suffix | अतिया |
| Withdrawn status | Lost status | Damaged status | Not for loan | Home library | Current library | Date acquired | Source of acquisition | Cost, normal purchase price | Total Checkouts | Full call number | Barcode | Date last seen | Date checked out | Copy number | Cost, replacement price | Price effective from | Koha item type | Source of classification or shelving scheme | Collection code | Shelving location |
|---|---|---|---|---|---|---|---|---|---|---|---|---|---|---|---|---|---|---|---|---|
| Central Library | Central Library | 07/08/2015 | Cen Lib/Ret | 195.00 | 2 | 921 अतिया | B-143781 | 12/11/2022 | 31/10/2022 | 1 | 195.00 | 15/09/2016 | Hindi Books | |||||||
| Shahdara Branch | Shahdara Branch | 18/11/2018 | BPPD/PUB | 195.00 | 921 अतिया | बी-143791 | 18/11/2018 | 195.00 | 18/11/2018 | Hindi Books | Dewey Decimal Classification | Non-fiction | General Stacks |
